"Amfitrion" znovu v Prjašev

Bibliographic Details
Main Author: Galajda, Eliáš, 1931-2017 (Author)
Format: Article
Language:Ukrainian
Slovak
PhysicalDescription:Obr. 1.
Subjects:

MARC

LEADER 00000nab a2200000 a 4500
001 vtls000157466
003 SK-MaSNL
005 20260318122159.0
008 040806c1983 xo 0 ukr
015 |a SNBRB19rr/mm-uuuuu 
035 |a CL0167573 
040 |a SNKBUCL  |b slo  |c SNKBUCL  |e AACR2 
041 0 |a slo 
044 |a xo  |c SK 
080 |a 792.2  |2 1981 
100 1 |a Galajda, Eliáš,  |d 1931-2017  |4 aut  |9 109766 
245 1 0 |a "Amfitrion" znovu v Prjašev  |c Illja Halajda 
300 |b Obr. 1. 
600 1 7 |a Figueiredo, Guilherme,  |d 1915-1997  |t V tomto dome prenocoval Boh  |2 snkbucl  |9 1513053 
610 2 7 |a Ukrajinské národné divadlo v Prešove  |2 snkbucl  |9 232422 
650 0 7 |a činohry  |2 snkbucl  |9 3325 
655 7 |a recenzie  |2 snkbucl  |9 21907 
655 7 |a články z novín a časopisov  |2 snkbucl  |9 267496 
773 0 |t Nove žyttja  |g Roč. 33, č. 11 (18. 3. 1983), s. 2 
850 |a Slovenská národná knižnica v Martine  |a MTA001 
852 |a SNK  |b KIS3GCP 
999 |c 3196178  |d 3198108